000 00261nam a2200121 i 4500
001 bg
245 0 _aSachnummerung und Klassifizierung.
260 _aEssen,
_c1971.
040 _cBPK
041 _apol
942 _cKS
008 s pl f |000 0 pol
999 _c9346
_d9346
856 _uhttp://koha.tu.koszalin.pl/cgi-bin/koha/opac-detail.pl?biblionumber=9346
_yKatalog online BPK